Odpisovanie hmotného a nehmotného investičného majetku
Enregistré dans:
| Auteur principal: | |
|---|---|
| Autres auteurs: | , |
| Format: | Chapitre de livre |
| Langue: | slovaque |
| Tags: |
Pas de tags, Soyez le premier à ajouter un tag!
|
MARC
| LEADER | 00000naa$a2200000$$$4500 | ||
|---|---|---|---|
| 001 | 0160321 | ||
| 005 | 20240502072800.3 | ||
| 041 | 0 | |a slo | |
| 044 | |a SK | ||
| 245 | 1 | 0 | |a Odpisovanie hmotného a nehmotného investičného majetku |c Ľudmila Lacová, Jana Czillingová, Juraj Neufeld |
| 100 | 1 | |a Lacová, Ľudmila | |
| 700 | 1 | |a Czillingová, Jana | |
| 700 | 1 | |a Neufeld, Juraj, 1946- | |